| 000 | 00776nam a22001937a 4500 | ||
|---|---|---|---|
| 005 | 20240725140411.0 | ||
| 008 | 240725b ||||| |||| 00| 0 eng d | ||
| 020 | _a9781111771812 | ||
| 027 | _qHV6774.C66 | ||
| 245 |
_aContemporary issues in criminological theory and research : the role of social institutions / _cedited by Richard Rosenfeld et al. |
||
| 260 |
_aBelmont : _bWadsworth/ Cengage Learning, _c2012. |
||
| 300 |
_aix, 379 p. : _c21 cm. |
||
| 500 | _aIncludes references. | ||
| 505 | _aContents : Institutional analysis in criminology : an overview of the current volume : Family -- Education -- Religion -- Economy -- Polity. | ||
| 700 |
_aRosenfeld, Richard. _92954 |
||
| 700 |
_aQuinet, Kenna. _92955 |
||
| 700 |
_aGarcia, Crystal. _92956 |
||
| 942 |
_2lcc _cBK |
||
| 999 |
_c10358 _d17858 |
||